O nome da rosa (Registo nº 182)

Detalhes MARC
000 -Etiqueta do registo
Cabeçalho 00741nam0a2200253 4500
005 - Identificador da versão
Campo de controlo 20240813121756.0
010 ## - Número internacional normalizado dos livros (ISBN)
Número (ISBN) 8481304956
021 ## - Número do Depósito Legal
Código do país ES
Número B.18063-2002
100 ## - Dados gerais de processamento
Dados gerais de processamento 20160317d2002 m y0pory5003 ba
102 ## - Pais de publicação ou produção
País de publicação Portugal
101 1# - Língua de publicação
Língua do texto, banda sonora, etc. Português
Língua do documento no original Italiano
215 ## - Descrição física 
Indicação específica da natureza do documento e extensão da espécie 475, [3] p
200 1# - Titulo e menção de responsabilidade
Título próprio O nome da rosa
Primeira menção de responsabilidade Umberto Eco
Outras menções de responsabilidade trad. Maria Celeste Pinto
225 2# - Colecção 
Título próprio da colecção Mil folhas
Indicação de volume 1
210 ## - Publicação, Distribuição, etc. 
Lugar da edição, distribuição, etc. Porto
Nome do editor, distribuidor, etc. Público Comunicação Social
Data da publicação, distribuição, etc. cop. 2002
606 ## - Nome comum usado como assunto
Número de registo de entrada de autoridade 0002809
Palavra de ordem Literatura italiana
Subdivisão de assunto Romance
Código do sistema CA
675 ## - Classificação Decimal Universal (CDU)
Notação 821.131.1-31
Edição 3ª ed.
Língua da edição por
702 ## - Nome de autor-pessoa física (responsabilidade secundária)
Número de registo de entrada de autoridade 0000258
Palavra de ordem Pinto
Outra parte do nome não tomada para palavra de ordem Maria Celeste
Código de função Tradutor
700 #1 - Nome de autor-pessoa física (responsabilidade principal)
Número de registo de entrada de autoridade 0002811
Palavra de ordem Eco
Outra parte do nome não tomada para palavra de ordem Umberto
Datas 1932-2016
966 ## - Identificação da Biblioteca
Sigla EB2,3ENM
942 ## - Elementos de entrada adicionados (Koha)
Tipo de item no Koha Livro
Exemplares
Situação do levantamento Origin of item (home branch) (coded) Biblioteca de empréstimo Código de barras Cota Circulation type (not for loan) Tipo de documento Nota do exemplar Damaged status
  Biblioteca Escolar Eng. Nuno Mergulhão Biblioteca Escolar Eng. Nuno Mergulhão BENM350 82LE-3 ECO   Livro Sem mensagem